HIV/AIDS research and palliative care.

Detalles Bibliográficos
Formato: Electrónico Revista
Lenguaje:inglés
Publicado: Auckland, N.Z. : Dove Medical Press, [2009]-
Materias:
Acceso en línea:Full text available from Research Library: 01/01/2009 to present

MARC

LEADER 00000nas a2200000 a 4500
001 ssj0000070448
003 WaSeSS
005 20200512172242.0
006 m d
007 cr n
008 081121c20099999nz x p s 0 a0eng c
010 |a  2010247828 
016 7 |a 101515943  |2 DNLM 
022 |a 1179-1373  |l 1179-1373 
035 |a (WaSeSS)ssj0000070448 
040 |a NZ1  |b eng  |c NZ1  |d OCLCS  |d WAU  |d OCLCQ  |d PFM  |d NLM  |d CUS  |d OCLCQ  |d OCLCF  |d OCLCO  |d EUW  |d OCLCO  |d OCLCQ  |d OCLCO  |d OCLCQ  |d WaSeSS 
042 |a pcc 
050 1 4 |a RA643.75 
060 1 0 |a W1 
082 0 4 |a 616.979205  |2 22 
130 0 |a HIV/AIDS (Auckland, N.Z. : Online) 
210 1 0 |a HIV AIDS (Auckl)  |2 dnlm 
210 1 |a HIV/AIDS  |b (Auckl.) 
222 0 |a HIV/AIDS  |b (Auckland) 
245 1 0 |a HIV/AIDS  |h [electronic resource] :  |b research and palliative care. 
260 |a Auckland, N.Z. :  |b Dove Medical Press,  |c [2009]- 
310 |a Irregular 
362 1 |a Began with vol. 1 (2009). 
506 |a License restrictions may limit access. 
515 |a Articles added irregularly during the year and collected into annual issues. 
588 |a Description based on: Vol. 1; title from issue home page (publisher's Web site, viewed Oct. 6, 2010). 
588 |a Latest issue consulted: Vol. 3 (2011) (viewed June 28, 2011). 
650 0 |a HIV infections  |v Periodicals. 
650 0 |a AIDS (Disease)  |v Periodicals. 
650 1 2 |a HIV Infections. 
650 1 2 |a Acquired Immunodeficiency Syndrome. 
650 7 |a AIDS (Disease)  |2 fast  |0 (OCoLC)fst00793808 
650 7 |a HIV infections.  |2 fast  |0 (OCoLC)fst00949871 
655 0 |a Electronic journals. 
856 4 0 |z Full text available from Research Library: 01/01/2009 to present  |u https://search.proquest.com/publication/3933160